书目信息 |
| 题名: |
精细化工工艺
|
|
| 作者: | 丁志平 , 孙淑香 主编 | |
| 分册: | ||
| 出版信息: | 北京 化学工业出版社 2013.3 |
|
| 页数: | 319页 | |
| 开本: | 26cm | |
| 丛书名: | ||
| 单 册: | ||
| 中图分类: | TQ062 | |
| 科图分类: | ||
| 主题词: | 精细化工--工艺学--高等职业教育--教材 | |
| 电子资源: | ||
| ISBN: | 978-7-122-16322-6 | |
| 000 | 01471nam0 2200265 45 | |
| 001 | 1359701984 | |
| 005 | 20130529090323.01 | |
| 010 | @a978-7-122-16322-6@dCNY38.00 | |
| 100 | @a20130513d2013 em y0chiy0121 ea | |
| 101 | 0 | @achi |
| 102 | @aCN@b110000 | |
| 105 | @aak a 000yy | |
| 106 | @ar | |
| 200 | 1 | @a精细化工工艺@AJing Xi Hua Gong Gong Yi@f丁志平,孙淑香主编@FDing Zhi Ping, Sun Shu Xiang Zhu Bian |
| 210 | @a北京@c化学工业出版社@d2013.3 | |
| 215 | @a319页@c图@d26cm | |
| 300 | @a高职高专“十二五”规划教材 | |
| 320 | @a有书目(第318-319页) | |
| 330 | @a本教材分为十章, 重点介绍了表面活性剂、食品添加剂、胶黏剂、日用化学品、涂料、农药、无机精细化学品的分类、特点、合成原理、制备方法、工艺操作步骤等, 并简单介绍了染料与颜料、助剂、特种和功能高分子材料、催化剂、生化产品和电子信息材料、光伏材料精细化学品的基本知识。本书特别增加了专业实训的内容, 选择了常见的典型精细化学品如织物阻燃剂、增塑剂 (DBP、DOP) 、表面活性剂、 药物水杨酸、催化剂、 食品防腐剂等的合成, 油类、脂肪类三个主要数据 (酸值、碘值、皂化值) 的测定, 餐洗剂、涂料等的复配, 作为实训项目。该教材实践操作性强, 注重学生实践技能的培养与训练, 让学生充分了解从理论知识向实际生产的过程转变, 掌握实际动手的本领, 学会精细化学品合成及复配技术, 完成有机合成工技能培训。 | |
| 606 | 0 | @a精细化工@x工艺学@x高等职业教育@j教材 |
| 690 | @aTQ062@v5 | |
| 701 | 0 | @a丁志平@ADing Zhi Ping@4主编 |
| 701 | 0 | @a孙淑香@ASun Shu Xiang@4主编 |
| 801 | @aCN@bTANGWEI@c20130522 | |
| 905 | @b0833342-45@dTQ062@e209@f4 | |
| 精细化工工艺/丁志平,孙淑香主编.-北京:化学工业出版社,2013.3 |
| 319页:图;26cm |
| 高职高专“十二五”规划教材 |
| ISBN 978-7-122-16322-6:CNY38.00 |
| 本教材分为十章, 重点介绍了表面活性剂、食品添加剂、胶黏剂、日用化学品、涂料、农药、无机精细化学品的分类、特点、合成原理、制备方法、工艺操作步骤等, 并简单介绍了染料与颜料、助剂、特种和功能高分子材料、催化剂、生化产品和电子信息材料、光伏材料精细化学品的基本知识。本书特别增加了专业实训的内容, 选择了常见的典型精细化学品如织物阻燃剂、增塑剂 (DBP、DOP) 、表面活性剂、 药物水杨酸、催化剂、 食品防腐剂等的合成, 油类、脂肪类三个主要数据 (酸值、碘值、皂化值) 的测定, 餐洗剂、涂料等的复配, 作为实训项目。该教材实践操作性强, 注重学生实践技能的培养与训练, 让学生充分了解从理论知识向实际生产的过程转变, 掌握实际动手的本领, 学会精细化学品合成及复配技术, 完成有机合成工技能培训。 |
| ● |
| 相关链接 |
|
|
|
|
正题名:精细化工工艺
索取号:TQ062/209
 
预约/预借
| 序号 | 登录号 | 条形码 | 馆藏地/架位号 | 状态 | 备注 |
| 1 | 0833342 | 208333427 | 第二样本阅览室/ [索取号:TQ062/209] | 在馆 | |
| 2 | 0833343 | 208333436 | 密集书库-化学系/ [索取号:TQ062/209] | 在馆 | |
| 3 | 0833344 | 208333445 | 第三借阅区/ [索取号:TQ062/209] | 在馆 | |
| 4 | 0833345 | 208333454 | 第三借阅区/ [索取号:TQ062/209] | 在馆 |